Normal view
MARC view
- Study guides. Examinations, questions, etc. Examinations, questions, etc
Entry Topical Term
001 - CONTROL NUMBER
- control field: 115592
003 - CONTROL NUMBER IDENTIFIER
- control field: NUST
005 - DATE AND TIME OF LATEST TRANSACTION
- control field: 20230912165431.0
008 - FIXED-LENGTH DATA ELEMENTS
- fixed length control field: 230912|| aca||aabn | a|a d
040 ## - CATALOGING SOURCE
- Original cataloging agency: NUST
- Transcribing agency: NUST
150 ## - HEADING--TOPICAL TERM
- Topical term or geographic name entry element: Study guides. Examinations, questions, etc. Examinations, questions, etc
670 ## - SOURCE DATA FOUND
- Source citation: Work cat.: (NUST): McCune, Sandra K., 115591, 1,001 GMAT practice questions /
